Normal view MARC view
  • Ifeachor, Emmanuel

Entry Personal Name

Number of records used in: 1

001 - CONTROL NUMBER

  • control field: 91726

003 - CONTROL NUMBER IDENTIFIER

  • control field: NUST

005 - DATE AND TIME OF LATEST TRANSACTION

  • control field: 20220523112656.0

008 - FIXED-LENGTH DATA ELEMENTS

  • fixed length control field: 220523|| aca||aabn | a|a d

040 ## - CATALOGING SOURCE

  • Original cataloging agency: NUST
  • Transcribing agency: NUST

100 ## - HEADING--PERSONAL NAME

  • Personal name: Ifeachor, Emmanuel

670 ## - SOURCE DATA FOUND

  • Source citation: Work cat.: (NUST): Ifeachor, Emmanuel, Digital Signal Processing:, 2011.
© 2023 Central Library, National University of Sciences and Technology. All Rights Reserved.